LEADER 00991nam a2200277 i 4500 001 991001886809707536 005 20020507153321.0 008 000306s1992 it ||| | ita 020 $a8814035105 035 $ab11578592-39ule_inst 035 $aLE02726868$9ExL 040 $aDip.to Studi Giuridici$bita 082 0 $a345.45 084 $aPEN-XXXIV/A 100 1 $aFiandaca, Giovanni$0294019 245 10$aDiritto penale tributario /$ca cura di Giovanni Fiandaca, Enzo Musco ; con contributi di Giancarlo De Vero ... [et al.] 260 $aMilano :$bA. Giuffrè,$c1992 300 $axv, 308 p. ;$c24 cm. 700 1 $aDe Vero, Giancarlo 700 1 $aMusco, Enzo 907 $a.b11578592$b02-04-14$c02-07-02 912 $a991001886809707536 945 $aLE027 PEN-XXXIV/A 3$g1$i2027000282906$lle027$o-$pE0.00$q-$rl$s- $t0$u2$v0$w2$x0$y.i11785743$z02-07-02 996 $aDiritto penale tributario$9896106 997 $aUNISALENTO 998 $ale027$b01-01-00$cm$da $e-$fita$git $h0$i1 LEADER 00988nam0-22002651i-450 001 990005373760403321 005 20240325112416.0 035 $a000537376 035 $aFED01000537376 035 $a(Aleph)000537376FED01 035 $a000537376 100 $a19990530d1937----km-y0itay50------ba 101 0 $aita 105 $ay---b---00--- 200 1 $aPietro fondatore della chiesa di Roma e successore di Cristo come vescovo secondo le sculture del sarcofago 174 e il catalogo filocaliano$fGiuseppe Wilpert 210 $a[s.l.]$cPontificio Istituto di Archeologia Cristiana$d1937 215 $a19 p.$d31 cm 700 1$aWilpert,$bJoseph$0210572 801 0$aIT$bUNINA$gRICA$2UNIMARC 901 $aBK 912 $a990005373760403321 952 $aARCH. BM MISC. 034 (19)$bARCH. 14479$fFLFBC 959 $aFLFBC 996 $aPietro fondatore della chiesa di Roma e successore di Cristo come vescovo secondo le sculture del sarcofago 174 e il catalogo filocaliano$9593967 997 $aUNINA